| 000 | 00534nam a2200205Ia 4500 | ||
|---|---|---|---|
| 003 | GCL | ||
| 008 | 140319s9999 xx 000 0 eng d | ||
| 020 | _a505061851 | ||
| 040 |
_aGCL / _cGCL |
||
| 082 | 0 | 4 |
_a591.51 _bD M |
| 100 | 1 | _aBARONE, MICHAEL | |
| 245 | 1 | 0 |
_aMAN AND ANIMALS / _cBARONE, MICHAEL |
| 700 | 1 | _aDMITRIYEVICH, LEONID | |
| 260 |
_a[S.N] : _bRADUGA PUBLISHERS |
||
| 300 |
_a335 P _bILL. ؛ _c24 cm. |
||
| 650 | 0 | 4 | _aANIMALS |
| 650 | 0 | 4 | _aANIMAL BEHAVIOR |
| 650 | 0 | 4 | _aHUMAN - ANIMAL COMMUNICATION |
| 942 |
_2ddc _cBK |
||
| 999 |
_c4745 _d4745 |
||